Adenomiose uterina em gata associada à piometra (Registro n. 330264)
[ somente texto ]
| 000 -LÍDER | |
|---|---|
| fixed length control field | 02235nab a2200325 i 4500 |
| 003 - CÓDIGO MARC DA AGÊNCIA CATALOGADORA | |
| Campo de controle | BR-BrBNA |
| 005 - DATA E HORA DA ÚLTIMA ATUALIZAÇÃO | |
| Campo de controle | 20250307135613.0 |
| 008 - CAMPO DE TAMANHO FIXO | |
| fixed length control field | 250307b2016 bl.|r|pooa||| 00| 0 por | |
| 040 ## - FONTE DA CATALOGAÇÃO | |
| Agência catalogadora | BR-BrBNA |
| Idioma da catalogação | por |
| 072 ## - CATEGORIA AGRIS | |
| Código AGRIS | L70 |
| Código do objeto | 5500 |
| 072 ## - CATEGORIA AGRIS | |
| Código AGRIS | L73 |
| 072 ## - CATEGORIA AGRIS | |
| Código AGRIS | L53 |
| 100 ## - ENTRADA PRINCIPAL - NOME PESSOAL | |
| Nome pessoal | Bezerra, J.A.B. |
| 100 ## - ENTRADA PRINCIPAL - NOME PESSOAL | |
| Nome pessoal | Silva, M.L.F. |
| 100 ## - ENTRADA PRINCIPAL - NOME PESSOAL | |
| Nome pessoal | Borges, I.L. |
| 100 ## - ENTRADA PRINCIPAL - NOME PESSOAL | |
| Nome pessoal | Filgueira, K.D. |
| 245 ## - TÍTULO PRINCIPAL | |
| Título principal | Adenomiose uterina em gata associada à piometra |
| 500 ## - NOTA GERAL | |
| Nota geral | <br/><br/>Publicação online; 12 ref.; 2 illus.; Summary (En) |
| 942 ## - ADDED ENTRY ELEMENTS (KOHA) | |
| Koha item type | Analítica |
| 520 ## - NOTA DE RESUMO | |
| Nota de conteúdo | <br/><br/><br/>ABSTRACT - Adenomyosis, a non-neoplastic myometrial proliferation, is a rare pathologic condition in domestic animals, of unknown etiology. There is a lack of information about the clinical and pathological features of this disease in cats, therefore just a few reports in that species. The study describes a case of adenomyosis in a feline female. A cat, six years old, undefined breed, not spayed, had abdominal swelling history and vaginal discharge. Clinically, upon abdominal palpation, a diffuse increase suggesting a uterine change was found. The vulva had sanguine-purulent exudates. The choice was for the neutering surgical. Uterine macroscopy revealed cystic endometrial hyperplasia/pyometra in uterine horns, and the presence of a diffuse mass on uterine corpus. Fragments of the mass were sent for histopathological analysis, which revealed adenomyosis of the uterine corpus. The patient exhibited adequate postoperative recovery. The adenomyosis should be considered as a differential diagnosis of uterine neoformation in domestic cats.<br/><br/><br/>Keywords: uterine pathology, adenomyosis, Felis catus |
| 650 ## - ASSUNTO - THESAGRO | |
| Cabeçalho tópico ou nome geográfico | GATO |
| 650 ## - ASSUNTO - THESAGRO | |
| Cabeçalho tópico ou nome geográfico | DOENÇA ANIMAL |
| 650 ## - ASSUNTO - THESAGRO | |
| Cabeçalho tópico ou nome geográfico | DISTÚRBIO FISIOLÓGICO |
| 650 ## - ASSUNTO - THESAGRO | |
| Cabeçalho tópico ou nome geográfico | REPRODUÇÃO ANIMAL |
| 650 ## - ASSUNTO - THESAGRO | |
| Cabeçalho tópico ou nome geográfico | CIRURGIA |
| 650 ## - ASSUNTO - THESAGRO | |
| Cabeçalho tópico ou nome geográfico | VETERINÁRIA |
| 773 0# - ENTRADA ANALÍTICA | |
| Host Biblionumber | 1643 |
| Registro do item | 348216 |
| Imprenta | Belo Horizonte-MG Universidade Federal de Minas Gerais - Escola de Veterinaria 1983 |
| Outro identificador | 2025-0705 |
| Título | Arquivo Brasileiro de Medicina Veterinária e Zootecnia (Brazil) |
| ISSN | 0102-0935 |
| Colação | v. 68(6) p. 1727-1731; (2016) |
| Número de controle de registro | BR2024004646 |
| 856 ## - ACESSO E ENDEREÇO ELETRÔNICO | |
| Identificador uniforme de recurso - URI | https://www.scielo.br/j/abmvz/a/ZHZw9v76Wf5wGVLvHHnLhDS/?format=pdf&lang=pt |
Nenhum exemplar disponível.

BINAGRI